000 00428nam a22001577a 4500
003 GBCCL
005 20250917111713.0
008 250917b |||||||| |||| 00| 0 eng d
040 _cGBC
082 _aVER 220.5203
_bBIB 1
245 _aBible chang zonna (Bible concordance)
_ccompiled by T Ginlang
260 _aNew Lamka :
_bT Ginlang,
_c1977, 2005
300 _a456p. ;
650 _aBible
_vConcordance
942 _2ddc
_cREF
_n0
999 _c10936
_d10936